| 000 | 00536nam a2200169 4500 | ||
|---|---|---|---|
| 001 | 148458 | ||
| 003 | ES-MaACL | ||
| 005 | 20230906202638.0 | ||
| 007 | t| | ||
| 008 | 070214s1955 sp r ||||1| spa d | ||
| 100 | 1 |
_aStreeter, Edward. _9108416 |
|
| 245 | 1 | 4 |
_aLas vacaciones de Mr. Hobbs / _cEdward Streeter ; [versión española de Julio Fernández-Yáñez]. |
| 260 |
_aBarcelona : _bExito, _c[1955] ( _fDuplex) |
||
| 300 |
_a310 p. ; _c20 cm. |
||
| 700 | 1 |
_aFernández-Yáñez, Julio. _950195 |
|
| 852 |
_aES-MaACL _jC-9995 _bR.37877 |
||
| 999 |
_c148458 _d148458 |
||